| 000 | 02089cam a22003131i 4500 | ||
|---|---|---|---|
| 003 | SA-RiAUC | ||
| 005 | 20250506062156.0 | ||
| 008 | 250501s2009____jo g b 000 0 ara c | ||
| 020 | _a9789957477448 | ||
| 035 | _aADRIF2018-338 | ||
| 040 |
_aSA-MaBBL _bara _cSA-RiAUC _dKAC _erda |
||
| 082 | 0 | 4 |
_a253.1 _qSA-RiAUC |
| 090 |
_a253.1 _bع ق ل |
||
| 100 | 1 |
_aعقل، همام ذياب عبد الكريم _eمؤلف. |
|
| 245 | 1 | 2 |
_aالتعليق وآثاره في التصرفات : _bدراسة مقارنة / _cهمام ذياب عبد الكريم عقل. |
| 250 | _aالطبعة الأولى. | ||
| 264 | 1 |
_aعمان، الأردن : _bدار النفائس للنشر والتوزيع، _c2009 |
|
| 300 |
_a256 صفحة ؛ _c24 × 17 سم |
||
| 336 |
_aنص _btxt _2rdacontent _3كتاب |
||
| 337 |
_aبدون وسيط _bn _2rdamedia |
||
| 338 |
_aمجلد _bnc _2rdacarrier |
||
| 504 | _aببليوجرافية : صفحة 239-246. | ||
| 504 | _aيشتمل على إرجاعات ببليوجرافية. | ||
| 520 | _aتناولت هذه الرسالة مفهوم التعليق وأدلته الشرعية وأركانه وشروطه في التصرفات المختلفة. شمل البحث مفهوم التعليق والألفاظ المرتبطة به في مجالات البيع والإجارة، بالإضافة إلى التبرعات مثل الوصية والهبة والعارية والوقف. كما تناولت الإطلاقات المتعلقة بالوكالة والوصاية والإمارة، ومسائل الأحوال الشخصية مثل النكاح والطلاق والرجعة والظهار والإيلاء والخلع. تضمنت الرسالة أيضا مسائل التوثيقات مثل الرهن والكفالة والحوالة، مما يعكس شمولية البحث في الجوانب القانونية المختلفة المتعلقة بالتعليق. | ||
| 563 | _aمجلد فني. | ||
| 650 | 7 |
_aالعقود (فقه إسلامي) _2aucsh |
|
| 942 |
_2ddc _cBOOK _n0 |
||
| 949 |
_aSA-JeALM _d250501 _umohamedma123 _n1 |
||
| 999 |
_c7638 _d7638 |
||